Youtubeurs francophone en images - G - Statistiques

Statistiques générales
  • Ce quiz a été pris 235 fois
  • Le résultat moyen est 5 sur 16
Statistiques - réponses
Par images Réponse % Correct
Gotaga
96%
Greg Guillotin
86%
Le {Grand JD}
83%
Golden moustache
80%
Guizzi
46%
Gamemixtreize
31%
Guillaume et Kim
29%
Gaspard G
18%
Guillaume Genou
16%
Ganesh2
13%
GabrielGeooo
9%
La {Geozone}
8%
Guzz productions
6%
G Milgram
3%
Gael de Toulon
1%
Grummpi
1%
Aucun quiz correspondant
Distribution des résultats
% des personnes avec chaque résultat
Percentile par nombre de réponses
Votre historique - résultats
Vous n’avez pas pris ce quiz